Bona fides: tra storia e sistema
Saved in:
| Hovedforfatter: | |
|---|---|
| Format: | Bog |
| Sprog: | italiensk |
| Udgivet: |
Turín
G. Giappichelli
2004
|
| Serier: | Studi su Origine ed Attualità del Sistema Romano, 3
|
| Fag: | |
| Tags: |
Tilføj Tag
Ingen Tags, Vær først til at tagge denne postø!
|
MARC
| LEADER | 00000nam a2200000 a 4500 | ||
|---|---|---|---|
| 001 | UCK9173 | ||
| 003 | CL-VaPUC | ||
| 008 | 060421e20040000IT |||||||||||||||||ita|d | ||
| 020 | |a 8834845951 | ||
| 082 | 0 | 4 | |a 340.54 |b CAR |2 21 |
| 100 | 0 | |a Cardilli, Riccardo |e author |9 498895 | |
| 245 | 1 | 0 | |a Bona fides: tra storia e sistema |
| 300 | |a 202 p | ||
| 942 | |c BK | ||
| 945 | |d 20060421 00:00:00 |a cmena | ||
| 260 | |a Turín |b G. Giappichelli |c 2004 | ||
| 650 | 0 | |a Derecho romano |9 255930 | |
| 650 | 0 | |a Fuentes del derecho |9 255162 | |
| 650 | 0 | |a Derecho civil |9 255013 | |
| 650 | 0 | |a Buena fe |9 383961 | |
| 650 | 0 | |a Derecho contractual |9 373875 | |
| 650 | 0 | |a Obligaciones |9 255578 | |
| 583 | |a last modification |c 20060421 00:00:00 |k Rodrigo Vera | ||
| 490 | 0 | |a Studi su Origine ed Attualità del Sistema Romano, 3 | |
| 999 | |c 316449 |d 316447 | ||
| 952 | |0 0 |1 0 |4 0 |6 340_540000000000000_CAR_2004 |7 0 |8 DER_ROM |9 390829 |a BIBDER |b BIBDER |d 2019-11-22 |i 4216598 |l 1 |o 340.54 CAR 2004 |p 4216598 |r 2023-01-25 |s 2020-03-19 |w 2019-11-22 |x Ubicación 4to piso |y BK |z Este recurso debe solicitarse con anticipación |k DER | ||